书目信息 |
| 题名: |
世界各国爱国诗选
|
|
| 作者: | 岳凤麟 编 | |
| 分册: | ||
| 出版信息: | 北京 北京大学出版社 1996 |
|
| 页数: | 16,399页 | |
| 开本: | 20cm | |
| 丛书名: | ||
| 单 册: | ||
| 中图分类: | I12 | |
| 科图分类: | 42.83 | |
| 主题词: | 文学--作品集--世界 | |
| 电子资源: | ||
| ISBN: | 7-301-03092-4 | |
| 000 | 00680nam0 2200253 45 | |
| 001 | 0197006030 | |
| 005 | 20040420095109.6 | |
| 010 | @a7-301-03092-4@dCNY16 | |
| 100 | @a19970319d1996 em y0chiy0121 ea | |
| 101 | 1 | @achi@cmul |
| 102 | @aCN@b110000 | |
| 105 | @ay z 000gy | |
| 106 | @ar | |
| 200 | 10 | @a世界各国爱国诗选@Ashi jie ge guo ai guo shi xuan@f岳凤麟编 |
| 210 | @a北京@c北京大学出版社@d1996 | |
| 215 | @a16,399页@d20cm | |
| 314 | @a岳凤麟,北京大学任教 | |
| 540 | 1 | @a爱国诗@Aai guo shi |
| 606 | 0 | @a文学@x作品集@x世界 |
| 690 | @aI12 | |
| 692 | @a42.83 | |
| 701 | 0 | @a岳凤麟@Ayue feng lin@4编 |
| 801 | 0 | @aCN@bNLC@c19970508 |
| 905 | @f2@b275509-510@dI12@e221 | |
| 世界各国爱国诗选/岳凤麟编.-北京:北京大学出版社,1996 |
| 16,399页;20cm |
| ISBN 7-301-03092-4:CNY16 |
| ● |
| 相关链接 |
|
|
|
|
正题名:世界各国爱国诗选
索取号:I12/221
 
预约/预借
| 序号 | 登录号 | 条形码 | 馆藏地/架位号 | 状态 | 备注 |
| 1 | 0275509 | 000084919 | 第二借阅区/ [索取号:I12/221] | 在馆 | |
| 2 | 0275510 | 000084928 | 第二借阅区/ [索取号:I12/221] | 在馆 | |
| 3 | 0275511 | 000084937 | 第一样本阅览室/ [索取号:I12/221] | 在馆 |